[Event "Brasilia Centro Oeste op"]
[Site "Brasilia"]
[Date "2024.11.15"]
[Round "1"]
[White "Siqueira, Eugenio Vilela"]
[Black "Cassano, Luis Felipe Areda"]
[Result "1-0"]
[WhiteElo "1932"]
[BlackElo "1800"]
[PlyCount "85"]
[EventDate "2024.11.15"]
[EventType "swiss"]
[EventRounds "6"]
[EventCountry "BRA"]
[SourceTitle "CB49_2024"]
[SourceDate "2024.12.04"]
[SourceVersion "1"]
[SourceVersionDate "2024.12.04"]
[SourceQuality "1"]

1. d4 Nf6 2. c4 d6 3. Nf3 g6 4. g3 Bg7 5. Bg2 0-0 6. 0-0 Bd7 7. Nc3 a6 8. e4 Qc8 9. Re1 Re8 10. e5 Nh5 11. Qe2 Bg4 12. Nd5 Nc6 13. Qd3 Bh3 14. Bh1 e6 15. Nf4 Nxf4 16. Bxf4 Nb4 17. Qd2 Nc6 18. Ng5 Bf5 19. Nf3 Qd7 20. Rad1 Rad8 21. exd6 cxd6 22. Bg2 d5 23. cxd5 Qxd5 24. Ne5 Qxa2 25. Nxc6 bxc6 26. Bxc6 Re7 27. Qb4 Bf6 28. Ra1 Qxa1 29. Rxa1 Rxd4 30. Qb8+ Kg7 31. Be5 Rc4 32. Bxf6+ Kxf6 33. Bf3 Bh3 34. Re1 Rec7 35. Qd8+ Kg7 36. Rd1 Rc1 37. Qd4+ Kf8 38. Bg2 Bf5 39. h4 h5 40. Kh2 Rb1 41. Rxb1 Bxb1 42. Qd8+ Kg7 43. Qxc7 1-0